书目信息 |
| 题名: |
谈虎集
|
|
| 作者: | 周作人 著 | |
| 分册: | ||
| 出版信息: | 上海 上海书店 1987 |
|
| 页数: | 624页 | |
| 开本: | 19cm | |
| 丛书名: | ||
| 单 册: | ||
| 中图分类: | I266 , I209 | |
| 科图分类: | ||
| 主题词: | 散文--中国--现代--选集 , 文学--中国 | |
| 电子资源: | ||
| ISBN: | ||
| 000 | 00651nam0 2200265 45 | |
| 001 | 1555625259 | |
| 005 | 20150123152744.81 | |
| 010 | @dCNY3.65 | |
| 100 | @a19900830d1987 emky0chiy0121 ea | |
| 101 | 0 | @achi |
| 102 | @aCN@b310000 | |
| 105 | @ay z 000cy | |
| 200 | 10 | @a谈虎集@Atan hu ji@f周作人著 |
| 205 | @a影印本 | |
| 210 | @a上海@c上海书店@d1987 | |
| 215 | @a624页@d19cm | |
| 300 | @a中国现代文学史参考资料 | |
| 606 | @a散文@y中国@z现代@x选集 | |
| 606 | 0 | @a文学@x中国 |
| 690 | @aI266@v3 | |
| 690 | @aI209@v4 | |
| 701 | 0 | @a周作人@Azhou zuo ren@4著 |
| 801 | 0 | @aCN@bTSSF@c20150123 |
| 801 | 2 | @aCN@bNLC |
| 905 | @aZUCC@dI209@eJY33 | |
| 谈虎集/周作人著.-影印本.-上海:上海书店,1987 |
| 624页;19cm |
| 中国现代文学史参考资料 |
| ISBN :CNY3.65 |
| ● |
| 相关链接 |
|
|
|
|
正题名:谈虎集
索取号:I209/JY33
 
预约/预借
| 序号 | 登录号 | 条形码 | 馆藏地/架位号 | 状态 | 备注 |
| 1 | 7854801 | 278548010 | 学院路分馆/ [索取号:I209/JY33] | 在馆 | |
| 2 | 7854802 | 278548029 | 学院路分馆/ [索取号:I209/JY33] | 在馆 |